00871 a2200181 45000010006000000050017000060080041000230030015000640400040000790800124001192450060002432640035003033000019003385050203003570410008005601000022005688560099005905305220260407155804.0260407a1981 arg spa dAR-UNSa-BCEJYS aAR-UNSa-BCEJYSbspacAR-UNSa-BCEJYS a330.101xCiencia económica en general. La economía y sus problemas. Objeto y métodos de la economía política 10aEconomía polìtica y política económica nacional 1aBuenos Aires :bHachettec1981 a169 p.c20 cm. a1. La ciencia económica - 2. Problemas de macroeconomía - 3. El desarrollo económico - 4. La macroeconomía Argentina -5. Las perspectivas del desarrollo nacional en el mundo contemporáneo. aspa1 aFrigerio, Rogelio41uhttps://www.biblioeco.unsa.edu.ar/pmb/images/libros/L128427.jpgyImagen de portadaqimage/jpeg